Регионална библиотека "Любен Каравелов" - Русе

Сима (Запис номер 44345)

MARC детайли
000 -Лидер
Контролно поле с фиксирана дължина 01605nam a2200325 c 4500
003 - Код на организацията, давaща контролен номер
Контролно поле BLK
005 - Дата и час на последна редакция
Контролно поле 20210609083430.0
008 - Елементи от данни с фиксирана дължина
fixed length control field 180408b bul|||||r ||||||| ||bul||
010 ## - Наследен системен номер
LC control number KNG00048110000
040 ## - Източник на каталожния запис
Идентификатор на билиотеката - собственик на записа BLK
041 ## - Код за език
Код за езика на текст/звукозапис или на отделно заглавие Български
Код за езика КДБФ Български
080 ## - УДК
Текстов определител УДК Предплащане на пощенски услуги. Франкировка. Пощенски марки. Филателия
УДК код - определител по УДК 656.835
УДК - код + определител 656.835
139 ## - Редно поле
Редна дума Сима
Авторски знак Сим - С 37
245 10 - Сведения за заглавието
Заглавие Сима
Подзаглавни данни Илюстр. каталог за пощенските марки на България, Източна Румелия, Сърбия, Федеративна Югославия, Хърватско и Южна България : Ч. 1 - 2
246 11 - Различни форми на заглавието
Паралелно заглавие Sima : Catalogue illustre pour les timbres-poste de Bulgarie, Roumelie Orientale, Serbie, Thrace, Croatie et Bulgarie du sud
250 ## - Област на изданието
Сведения за изданието 7. изд.
257 ## - Страна на издаване
Страна на създаване/издаване България
260 ## - Област на издателските данни
Име на издателя, разпространителя и проч. С. Чаръкчиев
Година на издаване 1945
300 ## - Физическа характеристика
Страници 96, 72 с.
Размери/Мащаб 20 см
380 ## - Жанр
Жанр Техника
500 ## - Общи забележки
Забележка Ч. 1 България, Източна Румелия, Южна България и Тракия. - 96 с. : с ил. Ч. 2 България, Сърбия, Федеративна Югославия и Хърватско. - VІІІ, 72 с. : с ил. - Двете ч. подв. в едно тяло
650 #4 - Допълнително описание по предмет – тема
Основно описание – тема или топоним Пощенски марки
9 (RLIN) 248148
653 ## - Ключова дума – ненормативна
Ключова дума пощенски марки
653 ## - Ключова дума – ненормативна
Ключова дума каталози
852 ## - Местоположение
Форматна сигнатура Цб І 31508
856 4# - Електронен адрес и достъп
Електронен формат pdf - файл
856 4# - Електронен адрес и достъп
Електронен формат pdf - файл
999 ## - СИСТЕМНИ КОНТРОЛНИ НОМЕРА
Koha biblionumber 44345
Koha biblioitemnumber 44345
942 ## - АРТИКУЛИ
Вид на библиотечния материал Книги
Скрит в OPAC Не
Периодичен библиозапис Да
944 ## - СЪЗДАВАНЕ И РЕДАКЦИЯ на ЗАПИСА
Създаване/Редакция Създаване
Дата на регистрацията/редакция 08.02.2005
Служител, извършил регистрацията/редакцията Геновева_Генчева
944 ## - СЪЗДАВАНЕ И РЕДАКЦИЯ на ЗАПИСА
Създаване/Редакция Редакция
Дата на регистрацията/редакция 23.02.2005
999 ## - СИСТЕМНИ КОНТРОЛНИ НОМЕРА
Koha biblioitemnumber 44345
Наличности
Код за отписване Код за изгубен артикул Код за повреда Коз за рестрикции Код за отдаване Артикулен № Име на библиотеката - собственик Име на библиотеката, в която се намира в момента Статус (Текущо местоположение) Дата на вписване в системата Местоположение - отдел Цена в лева Инвентарен номер Систематично азбучна сигнатура Баркод Номер на екземпляра Цена в евро Служебна бележка Служебен тип на артикула
  Не е изгубен Не е повреден без рестрикции ползва се в читалня 69758 Регионална библиотека "Любен Каравелов" Русе Регионална библиотека "Любен Каравелов" Русе Хранилище 2005-02-08 Основен фонд - ползва се само за читалня 3.00 120000691625 Цб I 31508 120000691625 1 1.53 Дост: DA Вид: А N: 3 Дата: 07.02.2005 Книги
Vip Innovations Ltd, Rousse, Bulgaria 2025